000 00360pab a2200145 454500
008 180718b2002 xxu||||| |||| 00| 0 eng d
100 _aChahal, Hardeep
245 _aConsumer satisfaction in public health care services
260 _c2002
300 _ap.52-56.
362 _aSep
650 _aHealth services
773 _aBusiness Review
909 _a56443
999 _c56443
_d56443